[Event "213rd YMCA Spring A"]
[Site "Warsaw"]
[Date "2019.04.11"]
[Round "1"]
[White "Kasperkiewicz, Pawel"]
[Black "Potocki, Karol"]
[Result "1-0"]
[WhiteElo "1934"]
[BlackElo "1846"]
[PlyCount "77"]
[EventDate "2019.04.11"]
[EventType "tourn"]
[EventRounds "1"]
[EventCountry "POL"]
[SourceDate "2019.04.11"]

1. d4 Nf6 2. c4 g6 3. Nc3 Bg7 4. e4 d6 5. f3 O-O 6. Be3 c5 7. Nge2 Nc6 8. Qd2
Qa5 9. O-O-O a6 10. Kb1 b5 11. Nd5 Qxd2 12. Rxd2 Nd7 13. dxc5 Nxc5 14. Nd4 Bxd4
15. Bxd4 e5 16. Be3 b4 17. g4 f6 18. Nb6 Rb8 19. Rxd6 Nd4 20. Rxd4 exd4 21.
Bxd4 Ne6 22. Be3 Rd8 23. Nd5 Kf7 24. c5 b3 25. a3 Bb7 26. Bc4 Kg7 27. Bxb3 Bxd5
28. Bxd5 Nc7 29. Rd1 Nb5 30. Ka2 Kf8 31. c6 Nc7 32. Bc5+ Ke8 33. Be3 Rb5 34.
Bb3 Rdb8 35. Rd3 Ne6 36. a4 Nc5 37. c7 Nxd3 38. axb5 Rc8 39. b6 1-0

[Event "213rd YMCA Spring A"]
[Site "Warsaw"]
[Date "2019.04.12"]
[Round "1"]
[White "Tychulski, Krzysztof"]
[Black "Safanowski, Tomasz"]
[Result "1/2-1/2"]
[WhiteElo "1858"]
[BlackElo "1827"]
[PlyCount "93"]
[EventDate "2019.04.11"]
[EventType "tourn"]
[EventRounds "1"]
[EventCountry "POL"]
[SourceDate "2019.04.11"]

1. Nf3 c5 2. e4 Nc6 3. d4 cxd4 4. Nxd4 Nf6 5. Nc3 g6 6. Be2 Bg7 7. Be3 d6 8.
O-O Bd7 9. Nb3 a6 10. a4 Rc8 11. a5 Qc7 12. Bb6 Qb8 13. f4 O-O 14. Bf3 Nb4 15.
e5 dxe5 16. fxe5 Qxe5 17. Bxb7 Ng4 18. g3 Qh5 19. h4 Bf5 20. Rc1 Be5 21. Bxc8
Bxc8 22. Qf3 f5 23. Nd5 Nxd5 24. Qxd5+ e6 25. Qf3 Rf7 26. Nc5 Bd4+ 27. Kh1 Bxc5
28. Qa8 Kg7 29. Qxc8 Bd6 30. Kg2 f4 31. Qxe6 Be5 32. Rcd1 Nf6 33. Rf3 fxg3 34.
Qc4 Bxb2 35. c3 Ba3 36. Rdf1 Be7 37. Be3 h6 38. Rxg3 Bd6 39. Rgf3 Be5 40. Rxf6
Bxf6 41. Bd4 Qg4+ 42. Kh2 Qxh4+ 43. Kg2 Qe4+ 44. Kh3 Qh4+ 45. Kg2 Qg4+ 46. Kh2
Qh4+ 47. Kg2 1/2-1/2

[Event "213rd YMCA Spring A"]
[Site "Warsaw"]
[Date "2019.04.24"]
[Round "1"]
[White "Derylo, Kamil"]
[Black "Choroszej, Aleksander"]
[Result "1/2-1/2"]
[WhiteElo "1838"]
[BlackElo "2073"]
[PlyCount "114"]
[EventDate "2019.04.11"]
[EventType "tourn"]
[EventRounds "1"]
[EventCountry "POL"]
[SourceDate "2019.04.11"]

1. d4 g6 2. c4 Bg7 3. Nc3 d6 4. e4 Nf6 5. Be2 O-O 6. Nf3 e5 7. O-O Nc6 8. d5
Ne7 9. Ne1 Nd7 10. Nd3 f5 11. Bd2 Nf6 12. f3 f4 13. c5 h5 14. Rc1 g5 15. Nb5
Ne8 16. cxd6 cxd6 17. Nf2 Ng6 18. Qa4 Rf7 19. Rc2 a6 20. Qa3 g4 21. Rfc1 g3 22.
Nh1 Bd7 23. Nc7 Nxc7 24. Rxc7 Qh4 25. hxg3 fxg3 26. Nxg3 Qxg3 27. Be1 Qg5 28.
Bf1 Bf8 29. Qc3 h4 30. Kh1 Nf4 31. Rc2 Nh5 32. Qd2 Qxd2 33. Bxd2 h3 34. gxh3
Ng3+ 35. Kg2 Nxf1 36. Kxf1 Bxh3+ 37. Ke2 Rxc7 38. Rxc7 b5 39. Rc6 a5 40. Rb6
Bd7 41. f4 Re8 42. Kd3 exf4 43. Bxf4 b4 44. Bxd6 $11 Bg7 45. b3 Bh3 46. Bc7
Bf1+ 47. Ke3 Bg2 48. Re6 Rxe6 49. dxe6 Bh3 50. Bxa5 Bf8 51. Kd4 Bxe6 52. Bb6
Bg7+ 53. e5 Bf5 54. Bc5 Bb1 55. Bxb4 Bxa2 56. Kc3 Bxe5+ 57. Kc2 Kf7 1/2-1/2

[Event "213rd YMCA Spring A"]
[Site "Warsaw"]
[Date "2019.04.12"]
[Round "1"]
[White "Liberadzki, Slawomir"]
[Black "Moskwinski, Marek"]
[Result "1/2-1/2"]
[WhiteElo "2021"]
[BlackElo "1907"]
[PlyCount "81"]
[EventDate "2019.04.11"]
[EventType "tourn"]
[EventRounds "1"]
[EventCountry "POL"]
[SourceDate "2019.04.11"]

1. c4 e5 2. g3 Nf6 3. Bg2 Nc6 4. Nc3 Bb4 5. Nd5 Nxd5 6. cxd5 Ne7 7. Nf3 e4 8.
Ne5 f5 9. Qb3 Bd6 10. d4 Bxe5 11. dxe5 d6 12. exd6 Qxd6 13. Bf4 Qxd5 14. Qc3
O-O 15. Qxc7 Ng6 16. Bd6 Rf7 17. Qc5 Be6 18. O-O Qxc5 19. Bxc5 Rc7 20. Bd4 Rc2
21. Rfc1 Rac8 22. Rxc2 Rxc2 23. e3 Ne7 24. a3 b6 25. h4 Bc4 26. Rd1 Be2 27. Re1
Nc6 28. Bc3 Na5 29. Bf1 Bxf1 30. Kxf1 Nc4 31. Rd1 Nxb2 32. Rd8+ Kf7 33. Bxb2
Rxb2 34. Rd7+ Kf6 $11 35. Rxa7 h5 36. a4 g6 37. Ra6 Kg7 38. a5 bxa5 39. Rxa5
Rb1+ 40. Ke2 Rb2+ 41. Ke1 $11 1/2-1/2

[Event "213rd YMCA Spring A"]
[Site "Warsaw"]
[Date "2019.04.19"]
[Round "2"]
[White "Potocki, Karol"]
[Black "Moskwinski, Marek"]
[Result "1/2-1/2"]
[WhiteElo "1846"]
[BlackElo "1907"]
[PlyCount "57"]
[EventDate "2019.04.11"]
[EventType "tourn"]
[EventRounds "1"]
[EventCountry "POL"]
[SourceDate "2019.04.11"]

1. Nf3 Nf6 2. c4 e6 3. g3 d5 4. Bg2 Be7 5. O-O O-O 6. b3 c5 7. cxd5 Nxd5 8. Bb2
Nd7 9. e4 N5f6 10. Qe2 b6 11. d4 Bb7 12. Nc3 cxd4 13. Nxd4 Bc5 14. Rfd1 Qe7 15.
e5 Nd5 16. Nxd5 Bxd5 17. Nc6 Bxc6 18. Bxc6 Rad8 19. h4 Nb8 20. Be4 Rxd1+ 21.
Rxd1 Rd8 22. Rxd8+ Qxd8 23. Kg2 Qd7 24. Bd3 Qd5+ 25. Be4 Qd7 26. Qc2 g6 27. h5
Nc6 28. hxg6 hxg6 29. Qd3 $11 1/2-1/2

[Event "213rd YMCA Spring A"]
[Site "Warsaw"]
[Date "2019.04.19"]
[Round "2"]
[White "Choroszej, Aleksander"]
[Black "Liberadzki, Slawomir"]
[Result "1-0"]
[WhiteElo "2073"]
[BlackElo "2021"]
[PlyCount "53"]
[EventDate "2019.04.11"]
[EventType "tourn"]
[EventRounds "1"]
[EventCountry "POL"]
[SourceDate "2019.04.11"]

1. d4 d5 2. c4 e6 3. Nc3 Nf6 4. cxd5 exd5 5. Bg5 Be7 6. e3 O-O 7. Bd3 c6 8. Qc2
h6 9. Bh4 Re8 10. Nge2 b6 11. O-O Bb7 12. Rad1 Na6 13. a3 Nc7 14. Rfe1 Ne4 15.
Bxe7 Qxe7 16. Bxe4 dxe4 17. Ng3 c5 18. d5 Rad8 19. d6 Qe5 20. dxc7 Qxc7 21.
Rxd8 Rxd8 22. Rd1 Rxd1+ 23. Qxd1 g6 24. Ngxe4 f5 25. Qd6 Qf7 26. Qb8+ Qf8 27.
Qxb7 1-0

[Event "213rd YMCA Spring A"]
[Site "Warsaw"]
[Date "2019.04.19"]
[Round "2"]
[White "Omar, Mohamed"]
[Black "Derylo, Kamil"]
[Result "0-1"]
[WhiteElo "1813"]
[BlackElo "1838"]
[PlyCount "64"]
[EventDate "2019.04.11"]
[EventType "tourn"]
[EventRounds "1"]
[EventCountry "POL"]
[SourceDate "2019.04.11"]

1. b3 e5 2. Bb2 d6 3. e3 g6 4. d4 Bg7 5. dxe5 Nd7 6. Nf3 dxe5 7. Bc4 Nh6 8. O-O
O-O 9. b4 Qe7 10. a3 a5 11. bxa5 Rxa5 12. Bc3 e4 13. Bxg7 Kxg7 14. Qd4+ f6 15.
Nfd2 Re5 16. Ba2 c5 17. Qa4 Nb6 18. Qb5 Qc7 19. g3 Bd7 20. Qb2 Na4 21. Qc1 Rfe8
22. Re1 Ng4 23. Bc4 Rf5 24. Rf1 Qe5 25. Ra2 Rh5 26. Be2 Nxh2 27. Qd1 Rh6 28.
Re1 Qe6 29. Nxe4 Qxe4 30. Qxd7+ Re7 31. Nd2 Qh1+ 32. Kxh1 Rxd7 0-1

[Event "213rd YMCA Spring A"]
[Site "Warsaw"]
[Date "2019.04.24"]
[Round "2"]
[White "Safanowski, Tomasz"]
[Black "Podgorski, Maciej"]
[Result "1-0"]
[WhiteElo "1827"]
[BlackElo "1837"]
[PlyCount "77"]
[EventDate "2019.04.11"]
[EventType "tourn"]
[EventRounds "1"]
[EventCountry "POL"]
[SourceDate "2019.04.11"]

1. Nf3 Nf6 2. c4 g6 3. d4 Bg7 4. Nc3 O-O 5. e4 d6 6. Be2 e5 7. O-O Nc6 8. d5
Ne7 9. Ne1 Ne8 10. Nd3 f5 11. b4 f4 12. Bg4 h5 13. Bxc8 Qxc8 14. a4 f3 15. gxf3
Qh3 16. Ne1 Bf6 17. Ra3 g5 18. Ne2 Qd7 19. Kh1 Ng7 20. Rg1 Ng6 21. Bxg5 Qh3 22.
Bc1 Nh8 23. f4 Qd7 24. f5 Kf7 25. Ng3 Ke7 26. Nxh5 Nxh5 27. Qxh5 Nf7 28. Rg6
Rh8 29. Qd1 Rh4 30. Rg4 Rh5 31. Rag3 Rah8 32. Nf3 Qd8 33. Kg2 Kd7 34. a5 Bh4
35. Nxh4 Rxh4 36. h3 Qe8 37. Qa4+ c6 38. a6 Qc8 39. axb7 1-0

[Event "213rd YMCA Spring A"]
[Site "Warsaw"]
[Date "2019.04.19"]
[Round "2"]
[White "Kasperkiewicz, Pawel"]
[Black "Tychulski, Krzysztof"]
[Result "1-0"]
[WhiteElo "1934"]
[BlackElo "1858"]
[PlyCount "113"]
[EventDate "2019.04.11"]
[EventType "tourn"]
[EventRounds "1"]
[EventCountry "POL"]
[SourceDate "2019.04.11"]

1. d4 Nf6 2. c4 g6 3. Nc3 Bg7 4. e4 d6 5. f3 O-O 6. Be3 Nbd7 7. Qd2 a6 8. Nge2
c5 9. O-O-O Qa5 10. Kb1 b5 11. Nd5 Nxd5 12. cxd5 Qxd2 13. Rxd2 Bb7 14. dxc5
Nxc5 15. Nd4 Rfc8 16. g3 Rc7 17. Bh3 Bc8 18. Bg2 Bd7 19. Rc1 Bxd4 20. Bxd4 Rac8
21. Rdc2 a5 22. Bf1 a4 23. Bc3 Na6 24. Ba5 Rxc2 25. Rxc2 Rxc2 26. Kxc2 f6 27.
Kc3 Kf7 28. b3 axb3 29. Kxb3 e5 30. Kc3 Ke7 31. a4 b4+ 32. Bxb4 Nxb4 33. Kxb4
Kd8 34. Bb5 Bh3 35. g4 h5 36. gxh5 gxh5 37. a5 Kc7 38. Kc3 Bc8 39. Kd2 f5 40.
exf5 Bxf5 41. Ke3 Kb7 42. f4 exf4+ 43. Kxf4 Bg4 44. h4 Bc8 45. Kg5 Bg4 46. Kf6
Bc8 47. Ke7 Kc7 48. Bc6 Ba6 49. Be8 Bc4 50. Bf7 Be2 51. Bg6 Bf3 52. Ke6 Bg4+
53. Kf6 Bf3 54. Kg5 Bxd5 55. Bxh5 Bc4 56. Bg6 Kb7 57. h5 1-0

[Event "213rd YMCA Spring A"]
[Site "Warsaw"]
[Date "2019.04.23"]
[Round "3"]
[White "Tychulski, Krzysztof"]
[Black "Potocki, Karol"]
[Result "0-1"]
[WhiteElo "1858"]
[BlackElo "1846"]
[PlyCount "136"]
[EventDate "2019.04.11"]
[EventType "tourn"]
[EventRounds "1"]
[EventCountry "POL"]
[SourceDate "2019.04.11"]

1. Nf3 Nf6 2. c4 e6 3. g3 d5 4. Bg2 Be7 5. O-O O-O 6. d4 c6 7. Qc2 Nbd7 8. Nbd2
b6 9. e4 dxe4 10. Nxe4 Nxe4 11. Qxe4 Bb7 12. Rd1 Qc8 13. Bg5 Re8 14. Bxe7 Rxe7
15. Qh4 Qe8 16. Ng5 Nf6 17. Nf3 Rd8 18. Ne5 Rc7 19. Qf4 Rcc8 20. a4 Nd7 21. Nd3
Ba6 22. b3 Qe7 23. a5 b5 24. c5 h6 25. Nb4 Nb8 26. h4 Rc7 27. h5 Bc8 28. a6 Rf8
29. Re1 Qd8 30. Be4 Bd7 31. Rac1 Be8 32. Bd3 Nd7 33. Qd6 Qc8 34. Be4 Nf6 35.
Bf3 Qd7 36. Qe5 Nh7 37. Rc3 Ng5 38. Bg2 f6 39. Qe3 Bxh5 40. f4 Nf7 41. Bh3 Nd8
42. Bxe6+ Nxe6 43. Qxe6+ Qxe6 44. Rxe6 Rfc8 45. Rce3 Kf8 46. Kf2 Bg4 47. Rd6
Bd7 48. Kf3 Kf7 49. d5 cxd5 50. Nxd5 Bc6 51. b4 Re8 52. Rxe8 Kxe8 53. f5 Bxd5+
54. Rxd5 Rc6 55. Ke4 Rxa6 56. Rd4 Ra3 57. g4 a5 58. bxa5 Rxa5 59. Kd5 Kd7 60.
Rb4 Ra4 61. Rxb5 Rxg4 62. c6+ Kc7 63. Rb7+ Kc8 64. Rb3 h5 65. Rc3 g6 66. fxg6
Rxg6 67. Ke6 Rh6 68. c7 h4 $138 0-1

[Event "213rd YMCA Spring A"]
[Site "Warsaw"]
[Date "2019.05.08"]
[Round "3"]
[White "Derylo, Kamil"]
[Black "Safanowski, Tomasz"]
[Result "0-1"]
[WhiteElo "1838"]
[BlackElo "1827"]
[PlyCount "138"]
[EventDate "2019.04.11"]
[EventType "tourn"]
[EventRounds "1"]
[EventCountry "POL"]
[SourceDate "2019.04.11"]

1. c4 Nf6 2. g3 e5 3. Bg2 g6 4. Nc3 Bg7 5. e4 d6 6. Nge2 Be6 7. d3 c6 8. O-O
Qd7 9. Rb1 a6 10. b4 b5 11. cxb5 axb5 12. a4 O-O 13. axb5 cxb5 14. d4 Bc4 15.
Re1 Nc6 16. d5 Nd4 17. Nxd4 exd4 18. Ne2 Rfe8 19. Nxd4 Nxd5 20. exd5 Rxe1+ 21.
Qxe1 Bxd4 22. Bb2 Re8 23. Bxd4 Rxe1+ 24. Rxe1 Kf8 25. Ra1 Qd8 26. h4 h5 27. Ra7
Ke8 28. Kh2 Be2 29. Bh3 Bg4 30. Bf1 Bd7 31. Rb7 Qc8 $11 32. Ra7 Qb8 33. Ra3 Qd8
34. Bg7 f6 35. Rf3 Bf5 36. Bxb5+ Kf7 37. Bh6 Qb6 38. Bc6 Qxb4 39. Re3 Be4 40.
f3 Qd2+ 41. Kg1 Qd1+ 42. Kf2 Bxd5 43. Be8+ Kg8 44. Bxg6 Bf7 45. Bf5 Qh1 46. Ra3
Qh2+ 47. Ke3 Qg1+ 48. Kd2 Qf2+ 49. Kd1 Bd5 50. Be4 Bxe4 51. fxe4 Qd4+ 52. Kc1
Qxe4 53. Bf4 d5 54. Ra8+ Kf7 55. Ra7+ Kg6 56. Rc7 Kf5 57. Rg7 d4 58. Kd2 Qc6
59. Rc7 Qb5 60. Rc1 Ke4 61. Re1+ Kf3 62. Kd1 Qb1+ 63. Kd2 Qb2+ 64. Kd1 Kf2 65.
Rh1 Qb1+ 66. Bc1 Kg2 67. Re1 d3 68. Kd2 Qb4+ 69. Kd1 Qc3 0-1

[Event "213rd YMCA Spring A"]
[Site "Warsaw"]
[Date "2019.04.26"]
[Round "3"]
[White "Liberadzki, Slawomir"]
[Black "Omar, Mohamed"]
[Result "1-0"]
[WhiteElo "2021"]
[BlackElo "1813"]
[PlyCount "171"]
[EventDate "2019.04.11"]
[EventType "tourn"]
[EventRounds "1"]
[EventCountry "POL"]
[SourceDate "2019.04.11"]

1. c4 e5 2. g3 g6 3. Bg2 Bg7 4. Nc3 Nc6 5. Nf3 d6 6. d3 h6 7. Rb1 Be6 8. b4 Qd7
9. Nd5 Nge7 10. b5 Nd8 11. Nxe7 Qxe7 12. O-O O-O 13. Bb2 f5 14. Qc2 Qd7 15. e3
g5 16. d4 f4 17. Nd2 Bh3 18. dxe5 Bxg2 19. Kxg2 dxe5 20. exf4 gxf4 21. Nf3 Re8
22. Rfe1 Nf7 23. Rbd1 Qc8 24. Qd3 e4 25. Rxe4 Rxe4 26. Bxg7 Qe8 27. Ba1 fxg3
28. hxg3 Rd8 29. Qc3 Rg4 30. Re1 Qd7 31. Ne5 Nxe5 32. Qxe5 Kh7 33. Qc5 Re8 34.
Rxe8 Qxe8 35. Qxc7+ Kg6 36. Qd6+ Kh7 37. Qf6 Rg5 38. Qf3 Qd7 39. Qe4+ Kg8 40.
Bf6 Rg4 41. Qe3 Rg6 42. Bd4 Re6 43. Qf4 b6 44. Qg4+ Kh7 45. Qf5+ Kg8 46. Qg4+
Kf8 47. Bg7+ Ke8 48. Bc3 Kd8 49. Qg8+ Kc7 50. Qa8 Kd6 51. Bb4+ Ke5 52. Qf3 Rg6
53. Qh5+ Qf5 54. Bc3+ Ke6 55. Qe2+ Kf7 56. Ba1 Qe6 57. Qd3 Ke7 58. Bc3 Rg4 59.
Qh7+ Ke8 60. Qxa7 Rxc4 61. Qa8+ Rc8 62. Qf3 Rc5 63. a4 Rf5 64. Qa8+ Kd7 65.
Qb7+ Kd8 66. Bd4 Ke8 67. Bxb6 Rd5 68. Qc6+ Qxc6 69. bxc6 Rd6 70. c7 Kd7 71. a5
Kc8 72. Kf3 Re6 73. Kg4 Rd6 74. Kf5 Rc6 75. g4 Rd6 76. f4 Rc6 77. g5 hxg5 78.
fxg5 Rc3 79. g6 Rf3+ 80. Kg4 Rf6 81. Kg5 Rf3 82. g7 Rg3+ 83. Kf6 Rf3+ 84. Ke7
Rg3 85. Kf7 Rf3+ 86. Kg8 1-0

[Event "213rd YMCA Spring A"]
[Site "Warsaw"]
[Date "2019.04.26"]
[Round "3"]
[White "Moskwinski, Marek"]
[Black "Choroszej, Aleksander"]
[Result "1-0"]
[WhiteElo "1907"]
[BlackElo "2073"]
[PlyCount "57"]
[EventDate "2019.04.11"]
[EventType "tourn"]
[EventRounds "1"]
[EventCountry "POL"]
[SourceDate "2019.04.11"]

1. e4 g6 2. d4 Bg7 3. Nc3 d6 4. f4 Nf6 5. Nf3 O-O 6. e5 Nfd7 7. Bc4 Nb6 8. Bb3
Nc6 9. a4 Na5 10. Ba2 c5 11. dxc5 dxc5 12. Qxd8 Rxd8 13. Be3 c4 14. O-O Bg4 15.
Nd4 f6 16. b4 cxb3 17. Nxb3 Nxb3 18. Bxb3+ Kh8 19. a5 Nc8 20. h3 fxe5 21. hxg4
exf4 22. Rad1 Rxd1 23. Rxd1 Bxc3 24. Rd8+ Kg7 25. g5 h6 26. Bc5 b6 27. Bxe7
bxa5 28. Rg8+ Kh7 29. Bf6 1-0

[Event "213rd YMCA Spring A"]
[Site "Warsaw"]
[Date "2019.05.01"]
[Round "4"]
[White "Potocki, Karol"]
[Black "Choroszej, Aleksander"]
[Result "1/2-1/2"]
[WhiteElo "1846"]
[BlackElo "2073"]
[PlyCount "120"]
[EventDate "2019.04.11"]
[EventType "tourn"]
[EventRounds "1"]
[EventCountry "POL"]
[SourceDate "2019.04.11"]

1. d4 g6 2. c4 Bg7 3. Nc3 d6 4. Nf3 Nf6 5. Bg5 O-O 6. e3 h6 7. Bh4 Nc6 8. Be2
Bf5 9. Nd2 e5 10. d5 Ne7 11. g4 Bd7 12. h3 g5 13. Bg3 c6 14. Qb3 Qc7 15. Kf1
Rab8 16. a4 Qa5 17. Qa3 Ne8 18. b4 Qc7 19. Kg2 f5 20. f3 Nf6 21. e4 fxg4 22.
hxg4 Ng6 23. Rac1 b6 24. dxc6 Bxc6 25. Nd5 Qd8 26. Nb3 Nf4+ 27. Bxf4 exf4 28.
Rcd1 Bxd5 29. cxd5 Nd7 30. Ba6 Ne5 31. Nd4 Qf6 32. Nf5 Ng6 33. Rc1 Nh4+ 34.
Nxh4 gxh4 35. Kh3 Qd4 36. Rh2 Rbe8 37. Re2 h5 38. gxh5 Qe5 39. h6 Bxh6 40. Rg2+
Kh7 41. Qc3 Qxc3 42. Rxc3 Re7 43. Rc6 Rd8 44. Bc8 Bg7 45. Bf5+ Kh8 46. Rg6 Be5
47. Rh6+ Kg8 48. Rc1 Kf8 49. Be6 Kg7 50. Rxh4 Kf6 51. Rg1 Rg7 52. Rh6+ Ke7 53.
Rc1 Rf8 54. Rc7+ Kd8 55. Rxg7 Bxg7 56. Rh7 Rh8 57. Rxh8+ Bxh8 58. Kg4 Be5 59.
Kf5 a5 60. b5 Ke7 $11 1/2-1/2

[Event "213rd YMCA Spring A"]
[Site "Warsaw"]
[Date "2019.05.08"]
[Round "4"]
[White "Omar, Mohamed"]
[Black "Moskwinski, Marek"]
[Result "0-1"]
[WhiteElo "1813"]
[BlackElo "1907"]
[PlyCount "108"]
[EventDate "2019.04.11"]
[EventType "tourn"]
[EventRounds "1"]
[EventCountry "POL"]
[SourceDate "2019.04.11"]

1. d4 Nf6 2. Nf3 e6 3. Bf4 d5 4. e3 Nbd7 5. Bd3 c5 6. c3 Qb6 7. Qb3 Be7 8. Na3
O-O 9. Qxb6 Nxb6 10. dxc5 Bxc5 11. Nb5 Bd7 12. Nd6 Bxd6 13. Bxd6 Rfc8 14. Ne5
Ne8 15. Ba3 f6 16. Nxd7 Nxd7 17. O-O Nc5 18. Be2 Nd6 19. Rfd1 b6 20. f3 f5 21.
Rac1 b5 22. Rd4 Nc4 23. Bxc4 bxc4 24. Bxc5 Rxc5 25. e4 Rb8 26. exd5 Rxd5 27.
Rxd5 exd5 28. Rc2 Kf7 29. Re2 Kf6 30. f4 Rd8 31. Rd2 Ke6 32. Kf2 Kd6 33. b4 a5
34. a3 axb4 35. axb4 Ra8 36. Ke3 Re8+ 37. Kf3 Ra8 38. Ke3 Ra3 39. Rc2 Ra1 40.
Kf2 Rd1 41. Ra2 Rd3 42. Ra6+ Kc7 43. Ra5 g6 44. Ke2 Kb6 45. h3 Rxc3 46. Rxd5
Rg3 47. Rc5 Rxg2+ 48. Kd1 Rh2 49. Rxc4 Rxh3 50. Kc2 Rf3 51. Rd4 Kb5 52. Kb2 h5
53. Kc2 h4 54. Rd6 Rg3 0-1

[Event "213rd YMCA Spring A"]
[Site "Warsaw"]
[Date "2019.05.16"]
[Round "4"]
[White "Safanowski, Tomasz"]
[Black "Liberadzki, Slawomir"]
[Result "0-1"]
[WhiteElo "1827"]
[BlackElo "2021"]
[PlyCount "114"]
[EventDate "2019.04.11"]
[EventType "tourn"]
[EventRounds "1"]
[EventCountry "POL"]
[SourceDate "2019.04.11"]

1. Nf3 c5 2. c4 Nc6 3. Nc3 g6 4. d3 Bg7 5. e3 Nf6 6. Be2 O-O 7. O-O d5 8. Qb3
d4 9. exd4 cxd4 10. Nb5 a6 11. Na3 Nd7 12. Bd2 e5 13. Bb4 Nxb4 14. Qxb4 Qc7 15.
Rac1 b6 16. Qd2 Bb7 17. Rc2 f5 18. c5 bxc5 19. b4 e4 20. dxe4 fxe4 21. Nxd4 e3
22. Qxe3 Rae8 23. Qb3+ Kh8 24. Nf3 Qf4 25. bxc5 Be4 26. Rc4 Ne5 27. Nxe5 Bxe5
28. g3 Qf5 29. f4 Bg7 30. Bf3 Bd3 31. Rd1 Bxc4 32. Nxc4 Qxc5+ 33. Kg2 Rb8 34.
Qd3 Rfc8 35. Ne3 Rb2+ 36. Rd2 Rxd2+ 37. Qxd2 Bd4 38. Nf1 Qc2 39. Bd1 Qxd2+ 40.
Nxd2 Rc1 41. Bb3 Kg7 42. Kf3 Bg1 43. h3 Rc3+ 44. Kg2 Be3 45. Ne4 Rc1 46. Kf3
Bg1 47. g4 Bd4 48. Ng5 Bb2 49. h4 Rc3+ 50. Kg2 Bc1 51. Ne6+ Kf6 52. Nd4 Re3 53.
f5 Re4 54. fxg6 Rxg4+ 55. Kf3 Rxd4 56. gxh7 Rxh4 57. Bg8 Kg7 0-1

[Event "213rd YMCA Spring A"]
[Site "Warsaw"]
[Date "2019.04.30"]
[Round "4"]
[White "Kasperkiewicz, Pawel"]
[Black "Derylo, Kamil"]
[Result "1/2-1/2"]
[WhiteElo "1934"]
[BlackElo "1838"]
[PlyCount "300"]
[EventDate "2019.04.11"]
[EventType "tourn"]
[EventRounds "1"]
[EventCountry "POL"]
[SourceDate "2019.04.11"]

1. d4 Nf6 2. c4 e6 3. Nc3 Bb4 4. Nf3 O-O 5. Bg5 h6 6. Bh4 b6 7. Qb3 Bxc3+ 8.
bxc3 d6 9. Nd2 Bb7 10. O-O-O Nbd7 11. e3 c5 12. Bd3 Qc7 13. Kb1 Rac8 14. f3 d5
15. Rc1 dxc4 16. Bxc4 a6 17. Bg3 Qc6 18. Qa3 b5 19. Be2 Qb6 20. Nb3 cxd4 21.
cxd4 b4 22. Qa5 Nd5 23. Qxb6 N7xb6 24. Nc5 Bc6 25. Bxa6 Ra8 26. e4 Nc3+ 27.
Rxc3 bxc3 28. Rc1 Na4 29. Bc4 Ra7 30. Bb3 Rfa8 31. Bxa4 Bxa4 32. Rxc3 Bb5 33.
Rc2 Ra3 34. d5 Bd3 35. Nxd3 Rxd3 36. dxe6 fxe6 37. Be5 Rd1+ 38. Kb2 Ra7 39. a3
Rd3 40. Bc3 Kf7 41. Rd2 Rb7+ 42. Kc2 Re3 43. Bb4 h5 44. Rd3 Re2+ 45. Rd2 Rc7+
46. Kd1 Re3 47. Rb2 Rd3+ 48. Ke2 Rd4 49. Ke3 Rd1 50. Rd2 Rdc1 51. Kd3 Ke8 52.
Ke3 g6 53. h3 Kf7 54. Ke2 Rg1 55. Ke3 e5 56. Rb2 Rd7 57. a4 Ra1 58. a5 Rb7 59.
Kd3 Rxa5 60. Bc3 Rd7+ 61. Ke2 Rc5 62. Rd2 Rb7 63. Bb2 Rcb5 64. Bc3 Ke6 65. Rd8
Rc7 66. Re8+ Kf6 67. Kd2 Rbc5 68. Ba1 Ra7 69. Bb2 Rd7+ 70. Ke3 Rb7 71. Ba1 Rb1
72. Ra8 h4 73. f4 Rb3+ 74. Kd2 Rg3 75. Bxe5+ Kf7 76. Ra7+ Ke8 77. Rh7 Rxg2+ 78.
Kd3 Rcc2 79. Rxh4 Rgd2+ 80. Ke3 Re2+ 81. Kd3 Red2+ 82. Ke3 Rg2 83. Rg4 Rge2+
84. Kf3 Kf7 85. Rg3 Ra2 86. Kg4 Rxe4 87. Kg5 Rc4 88. h4 Rc6 89. Rg1 Re6 90. Rg3
Rc6 91. Rg1 Kg8 92. Kh6 Kf7 93. Kg5 Rh2 94. Rg3 Kg8 95. Rg1 Kh7 96. Rg3 Ra6 97.
Rg4 Rb6 98. Rg1 Rb7 99. Rg3 Rf7 100. Kg4 Kh6 101. Ra3 Rg2+ 102. Kf3 Rd2 103.
Ra8 Rh7 104. f5 Rd3+ 105. Ke4 Rb3 106. Ra6 Rb4+ 107. Kd5 Rb5+ 108. Ke6 gxf5
109. Kxf5+ Kh5 110. Re6 Rb1 111. Re8 Rf1+ 112. Ke6 Re1 113. Kf6 Rf1+ 114. Ke6
Rh6+ 115. Kd5 Rd1+ 116. Ke4 Rg6 117. Kf4 Rf1+ 118. Ke4 Kxh4 119. Kd4 Rd1+ 120.
Ke4 Kg4 121. Re7 Re1+ 122. Kd5 Rg5 123. Kd6 Rd1+ 124. Kc6 Re1 125. Bd6 Rc1+
126. Kd7 Rd5 127. Re5 Rd3 128. Ke7 Rc6 129. Re4+ Kf5 130. Re5+ Kg6 131. Re6+
Kf5 132. Re5+ Kg4 133. Re4+ Kf3 134. Re6 Rd1 135. Rf6+ Ke4 136. Rf4+ Kd5 137.
Rf5+ Kc4 138. Rf4+ Kb5 139. Rf5+ Ka6 140. Rf6 Kb7 141. Rh6 Rg1 142. Re6 Kc8
143. Rf6 Re1+ 144. Re6 Rh1 145. Rf6 Rh8 146. Ke6 Kb7 147. Kd5 Rh5+ 148. Ke6 Kb6
149. Rg6 Rhc5 150. Rg1 Rxd6+ $11 1/2-1/2

[Event "213rd YMCA Spring A"]
[Site "Warsaw"]
[Date "2019.04.18"]
[Round "4"]
[White "Tychulski, Krzysztof"]
[Black "Podgorski, Maciej"]
[Result "0-1"]
[WhiteElo "1858"]
[BlackElo "1837"]
[PlyCount "56"]
[EventDate "2019.04.11"]
[EventType "tourn"]
[EventRounds "1"]
[EventCountry "POL"]
[SourceDate "2019.04.11"]

1. e4 c5 2. Nf3 d6 3. d4 cxd4 4. Nxd4 Nf6 5. Nc3 a6 6. Be2 e5 7. Nf3 Be7 8. O-O
O-O 9. Re1 Be6 10. h3 h6 11. Bf1 b5 12. a3 Nbd7 13. Nh4 Qc7 14. Nf5 Bxf5 15.
exf5 Nb6 16. Qf3 Rac8 17. Qg3 Kh7 18. Bd3 Nc4 19. Kh1 Rfe8 20. Qh4 e4 21. Nxe4
Nxe4 22. f6 Bxf6 23. Bxe4+ Kh8 24. Qh5 Re5 25. Qf3 d5 26. Bf4 dxe4 27. Rxe4 Qc6
28. Rxc4 bxc4 0-1

[Event "213rd YMCA Spring A"]
[Site "Warsaw"]
[Date "2019.04.16"]
[Round "5"]
[White "Podgorski, Maciej"]
[Black "Potocki, Karol"]
[Result "0-1"]
[WhiteElo "1837"]
[BlackElo "1846"]
[PlyCount "84"]
[EventDate "2019.04.11"]
[EventType "tourn"]
[EventRounds "1"]
[EventCountry "POL"]
[SourceDate "2019.04.11"]

1. e4 c6 2. d4 d5 3. e5 Bf5 4. Nc3 e6 5. g4 Bg6 6. Nge2 c5 7. h4 h5 8. Nf4 Bh7
9. Nxh5 Nc6 10. dxc5 Qa5 11. Bb5 Nge7 12. a3 O-O-O 13. Bf4 Bxc2 14. Qxc2 d4 15.
b4 Nxb4 16. Qa4 Nc2+ 17. Qxc2 Nd5 18. Bd3 dxc3 19. Be3 Bxc5 20. Bxc5 Qxc5 21.
Rh3 g6 22. Ng3 Nf4 23. Ne4 Qxe5 24. Bf1 Nxh3 25. Bxh3 Rxh4 26. Bg2 Rxg4 27. Kf1
Kb8 28. Rb1 b6 29. Nxc3 Rc4 30. Rb3 Rdc8 31. Qe2 Qf6 32. Qe3 Rxc3 33. Rxb6+ Kc7
34. Rb7+ Kd8 35. Qd2+ Ke8 36. Rb1 Rc2 37. Qe3 Qc3 38. Qxa7 Rc1+ 39. Rxc1 Qxc1+
40. Ke2 Rc2+ 41. Kf3 Rc3+ 42. Kg4 f5+ 0-1

[Event "213rd YMCA Spring A"]
[Site "Warsaw"]
[Date "2019.05.09"]
[Round "5"]
[White "Liberadzki, Slawomir"]
[Black "Kasperkiewicz, Pawel"]
[Result "1-0"]
[WhiteElo "2021"]
[BlackElo "1934"]
[PlyCount "111"]
[EventDate "2019.04.11"]
[EventType "tourn"]
[EventRounds "1"]
[EventCountry "POL"]
[SourceDate "2019.04.11"]

1. c4 e5 2. g3 Nf6 3. Bg2 c6 4. Nf3 e4 5. Nd4 d5 6. cxd5 Qxd5 7. Nb3 Qh5 8. O-O
Bh3 9. f3 Nbd7 10. Nc3 Ne5 11. Qc2 Bxg2 12. Kxg2 exf3+ 13. exf3 O-O-O 14. d4
Qg6 15. Qxg6 Nxg6 16. Bg5 Be7 17. Rfd1 Nd5 18. Nxd5 Rxd5 19. Bxe7 Nxe7 20. g4
Rhd8 21. Re1 Ng6 22. Kg3 h5 23. Re4 Nf8 24. Re7 h4+ 25. Kf2 R5d7 26. Rae1 Ne6
27. Rxd7 Rxd7 28. Re4 g5 29. Ke3 Rd5 30. Re5 Kd7 31. Ke4 Rxe5+ 32. dxe5 c5 33.
Nd2 Kc6 34. Nc4 b5 35. Nd6 a5 36. Nxf7 c4 37. Kf5 Kd5 38. Nxg5 Nxg5 39. Kxg5
Kxe5 40. f4+ Ke4 41. f5 b4 42. f6 c3 43. bxc3 bxc3 44. f7 c2 45. f8=Q c1=Q+ 46.
Kxh4 Qe1+ 47. Kh5 Qc3 48. Qf5+ Ke3 49. g5 Qh8+ 50. Kg4 Qd4+ 51. Kh3 Qh8+ 52.
Kg3 Qb8+ 53. Kg4 Qb4+ 54. Kh5 Kd2 55. g6 Kc1 56. g7 1-0